El recuerdo de lo no transitado (Record no. 1747)

MARC details
000 -LEADER
campo de control de longitud fija 01014nam a2200145 4500
008 - DATOS DE LONGITUD FIJA--INFORMACIÓN GENERAL
campo de control de longitud fija 708 183r
020 ## - NÚMERO INTERNACIONAL ESTÁNDAR DEL LIBRO
Número Internacional Estándar del Libro 9786079358389
082 ## - NÚMERO DE LA CLASIFICACIÓN DECIMAL DEWEY
Número de clasificación 708
Número de ítem M183r
100 ## - ENTRADA PRINCIPAL--NOMBRE DE PERSONA
Nombre de persona Madrigal, Miguel Angel
9 (RLIN) 6955
245 ## - MENCIÓN DEL TÍTULO
Título El recuerdo de lo no transitado
260 ## - PUBLICACIÓN, DISTRIBUCIÓN, ETC.
Lugar de publicación, distribución, etc. México
Nombre del editor, distribuidor, etc. Gobierno del Estado de Morelos
-- Secretaría de Cultura de Morelos
Fecha de publicación, distribución, etc. 2017
300 ## - DESCRIPCIÓN FÍSICA
Extensión 160 p.
Otras características físicas ill
Dimensiones 23,5 x 17 cm
505 ## - NOTA DE CONTENIDO CON FORMATO
Título Presentación
-- el espacio como incognita o posibilidad
Mención de responsabilidad Sol Henaro
Título las columnas de invención
Mención de responsabilidad Carlos Palacios
Título el recuerdo de lo no transitado/ remembrance of the untraveled
-- siluetas / silhouettes
-- ciudad visible / visible city
-- me quiero ir en cuanto llego / i want to go as soon as i get
-- miguel angel madrigal
-- lista de obras / lis of works
-- foreword
-- space as the unknow or as possibility
Mención de responsabilidad Sol Henaro
Título columns of invention
Mención de responsabilidad Carlos Palacios
Título créditos y agradecimientos / credits and aknowledgments
650 ## - PUNTO DE ACCESO ADICIONAL DE MATERIA--TÉRMINO DE MATERIA
Subdivisión general arte contemporáneo
-- arte - escultura
-- arte - arquitectura
-- arte - exhibiciones
-- México
9 (RLIN) 6956
Holdings
Estatus retirado Estado de pérdida Fuente del sistema de clasificación o colocación Estado de daño No para préstamo Biblioteca de origen Biblioteca actual Ubicación en estantería Fecha de adquisición Total de préstamos Signatura topográfica completa Código de barras Visto por última vez Precio de reemplazo Tipo de ítem Koha
    Clasificación Decimal Dewey     Biblioteca LadoV Biblioteca LadoV   14/03/2019   708 M183r 004751 14/03/2019 14/03/2019 Material 01